000 01465cam a22003374a 4500
999 _c27177
_d27177
001 12262886
005 20170207150344.0
008 001220s2001 nyua b 001 0 eng
010 _a 00054786
020 _a0743202333
040 _aDLC
_cDLC
_dDLC
042 _apcc
043 _ae-fr---
050 0 0 _aND653
_b .G7F395 2001
100 1 _aFell, Derek.
245 1 0 _aVan Gogh's gardens /
_cDerek Fell.
260 _aNew York :
_bSimon & Schuster,
_cc2001.
300 _a191 p. :
_bcol. ill. ;
_c27 cm.
504 _aIncludes bibliographical references (p. 189) and index.
600 1 0 _aGogh, Vincent van,
_d1853-1890
_xCriticism and interpretation.
650 0 _aGardens in art.
650 0 _aGardens
_zFrance
_xDesign.
700 1 _aGogh, Vincent van,
_d1853-1890.
856 4 2 _3Contributor biographical information
_uhttp://www.loc.gov/catdir/bios/simon052/00054786.html
856 4 2 _3Publisher description
_uhttp://www.loc.gov/catdir/description/simon032/00054786.html
856 4 1 _3Sample text
_uhttp://www.loc.gov/catdir/enhancements/fy0641/00054786-s.html
942 _2lcc
_cBOOKS
_hND653 .G7F395 2001